Mujeres y tratamiento de drogas: orientaciones técnicas para la incorporación de la variable género en el tratamiento y rehabilitación de mujeres con problemas de drogas.

Salvato in:
Dettagli Bibliografici
Enti autori: Consejo Nacional para el Control de Estupefacientes, CONACE
Natura: Libro
Lingua:spagnolo
Pubblicazione: Santiago, Chile CONACE 2004
Soggetti:
Tags: Aggiungi Tag
Nessun Tag, puoi essere il primo ad aggiungerne!!

MARC

LEADER 00000nam a2200000 a 4500
001 UCK4959
003 CL-VaPUC
005 20220526074451.0
008 050701e20040000CL |||||||||||||||||spa|d
999 |c 313662  |d 313660 
020 |a 9567808420 
040 |c Pontificia Universidad Católica de Valparaíso 
082 0 4 |a 362.29 CON 2004  |2 21 
110 2 |a Consejo Nacional para el Control de Estupefacientes  |9 493607 
245 1 0 |a Mujeres y tratamiento de drogas: orientaciones técnicas para la incorporación de la variable género en el tratamiento y rehabilitación de mujeres con problemas de drogas. 
260 0 3 |a Santiago, Chile  |b CONACE  |c 2004 
300 |a 60 páginas. 
583 |a last modification  |c 20050701 00:00:00  |k Rodrigo Vera 
650 0 |a Consumo de drogas  |9 390009 
650 0 |a Abuso de drogas  |9 254876 
650 0 |a Mujeres  |9 257649 
650 7 |a TRATAMIENTO Y REHABILITACION  |2 CL-VaPUC  |9 493609 
710 2 |a CONACE  |9 493608 
942 |c BK  |2 ddc 
945 |d 20050701 00:00:00  |a jcarroza 
952 |0 0  |1 0  |2 ddc  |4 0  |6 362_290000000000000_CON_2004  |7 0  |8 A  |9 385140  |a BIBGIM  |b BIBGIM  |d 2019-11-22  |i 4141784  |o 362.29 CON 2004  |p 4141784  |r 2025-01-15  |t 1  |w 2019-11-22  |y BK  |k SSL 
952 |0 0  |1 0  |2 ddc  |4 0  |6 362_290000000000000_CON_2004  |7 0  |8 A  |9 385141  |a BIBGIM  |b BIBGIM  |d 2019-11-22  |i 4522109  |o 362.29 CON 2004  |p 4522109  |r 2025-01-15  |t 2  |w 2019-11-22  |y BK  |k SSL